000
00292nam a22001337a 4500
008
181023b xxu||||| |||| 00| 0 eng d
020
_a
9780132240451
041
_a
eng
080
_a
201
100
_a
24
101
_a
TEO
245
_a
Religions of the World
_c
Hopfe, L.M
942
_2
udc
_c
BK
999
_c
50624
_d
50624